[Event "GER-ch 94th"]
[Site "Ostfildern"]
[Date "2023.08.16"]
[Round "4"]
[White "Weishaeutel, Moritz"]
[Black "Dahl, Christoph"]
[Result "1/2-1/2"]
[WhiteElo "2427"]
[BlackElo "2336"]
[PlyCount "142"]
[EventDate "2023.08.14"]
[EventType "swiss"]
[EventRounds "9"]
[EventCountry "GER"]
[SourceTitle "CBM 215 Extra"]
[Source "ChessBase"]
[SourceDate "2023.09.30"]
[SourceVersion "1"]
[SourceVersionDate "2023.09.30"]
[SourceQuality "1"]

1. d4 Nf6 2. c4 g6 3. g3 Bg7 4. Bg2 0-0 5. Nc3 d6 6. Nf3 Nbd7 7. 0-0 e5 8. e4 a6 9. h3 b5 10. dxe5 dxe5 11. Be3 Bb7 12. Nd2 Rb8 13. Qc2 c6 14. Rfd1 Qe7 15. Nb3 Rfd8 16. Bf1 h6 17. Rd2 Bf8 18. Rad1 Rbc8 19. c5 Kh7 20. a3 Bg7 21. Na5 Ba8 22. Na2 Nf8 23. Rd6 Qc7 24. Nb3 Ne6 25. f3 Bf8 26. Rxd8 Rxd8 27. Rxd8 Qxd8 28. Qc3 Nd7 29. Nac1 a5 30. Qxa5 Bxc5 31. Bxc5 Qxa5 32. Nxa5 Ndxc5 33. Kf2 Nd4 34. Nd3 Nd7 35. h4 c5 36. Bh3 f5 37. h5 c4 38. hxg6+ Kxg6 39. Nb4 Nc5 40. Bxf5+ Nxf5 41. exf5+ Kxf5 42. Ke3 e4 43. fxe4+ Nxe4 44. a4 c3 45. bxc3 bxa4 46. Nc4 Nxc3 47. Nb6 Bb7 48. Kd3 Ne4 49. Nxa4 Kg4 50. Ke3 Kxg3 51. Nd3 h5 52. Nac5 Nxc5 53. Nxc5 Bd5 54. Nd3 h4 55. Nf2 Bf3 56. Nh3 Bg4 57. Nf2 Bf5 58. Nh1+ Kg2 59. Nf2 Bd7 60. Nd3 Bf5 61. Nf2 Be6 62. Nd3 Bc8 63. Nf2 Bf5 64. Ke2 Bg6 65. Ke3 Bh5 66. Nd3 Bd1 67. Nf2 Bf3 68. Nd3 Bb7 69. Nf2 Ba6 70. Kf4 Be2 71. Kg5 Kg3 1/2-1/2

[Event "Piestany op-A"]
[Site "Piestany"]
[Date "2023.07.14"]
[Round "4"]
[White "Kosakowski, Jakub"]
[Black "Dahl, Christoph"]
[Result "1-0"]
[WhiteElo "2475"]
[BlackElo "2380"]
[PlyCount "47"]
[EventDate "2023.07.11"]
[EventType "swiss"]
[EventRounds "9"]
[EventCountry "SVK"]
[SourceTitle "EXT 2024"]
[Source "ChessBase"]
[SourceDate "2023.10.10"]
[SourceVersion "1"]
[SourceVersionDate "2023.10.10"]
[SourceQuality "1"]

1. e4 c5 2. Nf3 d6 3. d4 cxd4 4. Nxd4 Nf6 5. Nc3 a6 6. Rg1 b5 7. a4 b4 8. Nd5 Nxe4 9. Bc4 Bb7 10. Qe2 Nc5 11. Bg5 Nc6 12. Nxc6 Bxc6 13. Nxb4 Bb7 14. Nd5 h6 15. Be3 e6 16. 0-0-0 Rc8 17. Rge1 Bxd5 18. Rxd5 exd5 19. Bg5+ Be7 20. Bxe7 Qd7 21. Bxa6 Nxa6 22. Bxd6+ Kd8 23. Qxa6 Qf5 24. Qb6+ 1-0

[Event "Piestany op-A"]
[Site "Piestany"]
[Date "2023.07.12"]
[Round "2"]
[White "Jaiveer, Mahendru"]
[Black "Dahl, Christoph"]
[Result "0-1"]
[WhiteElo "2005"]
[BlackElo "2380"]
[PlyCount "56"]
[EventDate "2023.07.11"]
[EventType "swiss"]
[EventRounds "9"]
[EventCountry "SVK"]
[SourceTitle "EXT 2024"]
[Source "ChessBase"]
[SourceDate "2023.10.10"]
[SourceVersion "1"]
[SourceVersionDate "2023.10.10"]
[SourceQuality "1"]

1. e4 c5 2. Nf3 d6 3. d4 cxd4 4. Nxd4 Nf6 5. Nc3 a6 6. f4 e5 7. Nb3 Qc7 8. Be2 b5 9. a3 Bb7 10. Bf3 Nbd7 11. g4 Nb6 12. f5 d5 13. Nxd5 Nfxd5 14. exd5 Rd8 15. Qe2 Bxd5 16. Bxd5 Nxd5 17. g5 Be7 18. Qe4 0-0 19. h4 f6 20. Bd2 fxg5 21. Ba5 Nb6 22. hxg5 Bxg5 23. Ke2 Rc8 24. Rag1 h6 25. Bxb6 Qxb6 26. Qd5+ Rf7 27. Rxg5 hxg5 28. Qe4 Qc6 0-1

[Event "EU-ch U18 30th"]
[Site "Antalya"]
[Date "2022.11.07"]
[Round "2"]
[White "Petreski, Leonid"]
[Black "Dahl, Christoph"]
[Result "0-1"]
[WhiteElo "2122"]
[BlackElo "2360"]
[PlyCount "60"]
[EventDate "2022.11.06"]
[EventType "swiss"]
[EventRounds "9"]
[EventCountry "TUR"]
[SourceTitle "EXT 2024"]
[Source "ChessBase"]
[SourceDate "2023.10.10"]
[SourceVersion "1"]
[SourceVersionDate "2023.10.10"]
[SourceQuality "1"]

1. e4 c5 2. Nf3 d6 3. d4 cxd4 4. Nxd4 Nf6 5. Nc3 a6 6. Be3 e6 7. f3 b5 8. Qd2 Nbd7 9. g4 Nb6 10. g5 Nfd7 11. Nc6 Qc7 12. Na5 b4 13. Ne2 d5 14. Nd4 Ne5 15. 0-0-0 Bd7 16. f4 Nec4 17. Nxc4 Nxc4 18. Bxc4 dxc4 19. f5 e5 20. Nf3 Bc6 21. Qf2 b3 22. axb3 Qa5 23. Bb6 Qa1+ 24. Kd2 Qxb2 25. bxc4 Bxe4 26. Ke2 Qxc2+ 27. Rd2 Qxc4+ 28. Ke3 Bc6 29. Rd3 Qe4+ 30. Kd2 Bb4+ 0-1

[Event "GER-ch blitz"]
[Site "Magdeburg"]
[Date "2022.08.21"]
[Round "8"]
[White "Dahl, Christoph"]
[Black "Bluebaum, Matthias"]
[Result "0-1"]
[WhiteElo "2355"]
[BlackElo "2603"]
[PlyCount "132"]
[EventDate "2022.08.21"]
[EventType "tourn (blitz)"]
[EventRounds "29"]
[EventCountry "GER"]
[EventCategory "5"]
[SourceTitle "CBM 210 Extra"]
[Source "ChessBase"]
[SourceDate "2022.11.30"]
[SourceVersion "1"]
[SourceVersionDate "2022.11.30"]
[SourceQuality "1"]

1. e4 e6 2. d4 d5 3. Nc3 Nf6 4. e5 Nfd7 5. f4 c5 6. Nf3 Nc6 7. Be3 a6 8. Qd2 b5 9. dxc5 Bxc5 10. Bd3 Qb6 11. Bf2 h6 12. 0-0 Bb7 13. Rae1 Bxf2+ 14. Qxf2 Qxf2+ 15. Rxf2 Nc5 16. Ne2 b4 17. Ned4 g6 18. Nxc6 Bxc6 19. Nd4 Bd7 20. Rf3 Ke7 21. Kf2 h5 22. g3 Rhc8 23. Re2 Na4 24. b3 Nc3 25. Re1 Nxa2 26. Ra1 Nc3 27. Rxa6 Rxa6 28. Bxa6 Ra8 29. Bd3 Ra1 30. Kg2 Kd8 31. Rf1 Ra2 32. h3 Kc7 33. g4 hxg4 34. hxg4 Kb6 35. Kf3 Bb5 36. Ke3 Bxd3 37. Kxd3 Kc5 38. f5 gxf5 39. gxf5 exf5 40. Nxf5 Ra8 41. Nd6 Rh8 42. Rxf7 Rh3+ 43. Kd2 Kd4 44. e6 Rh2+ 45. Ke1 Re2+ 46. Kf1 Rxe6 47. Nf5+ Ke4 48. Ng3+ Ke3 49. Rf2 Ra6 50. Nf5+ Ke4 51. Ng3+ Kd4 52. Nf5+ Kc5 53. Rf4 Ra1+ 54. Kf2 Rd1 55. Kg3 Rd2 56. Ne3 Ne2+ 57. Kf3 Nxf4 58. Kxf4 d4 59. Nf5 Rxc2 60. Ng3 Kd5 61. Ne4 Rc3 62. Nd2 Rd3 63. Ne4 Rxb3 64. Nf6+ Kc4 65. Ne4 Re3 66. Nd2+ Kd5 0-1

[Event "GER-ch blitz"]
[Site "Magdeburg"]
[Date "2022.08.21"]
[Round "5"]
[White "Pajeken, Jakob Leon"]
[Black "Dahl, Christoph"]
[Result "0-1"]
[WhiteElo "2475"]
[BlackElo "2355"]
[PlyCount "94"]
[EventDate "2022.08.21"]
[EventType "tourn (blitz)"]
[EventRounds "29"]
[EventCountry "GER"]
[EventCategory "5"]
[SourceTitle "CBM 210 Extra"]
[Source "ChessBase"]
[SourceDate "2022.11.30"]
[SourceVersion "1"]
[SourceVersionDate "2022.11.30"]
[SourceQuality "1"]

1. d4 Nf6 2. Nf3 g6 3. g3 Bg7 4. Bg2 0-0 5. 0-0 d6 6. b3 c5 7. c4 cxd4 8. Nxd4 Nfd7 9. Bb2 Qb6 10. e3 Nc6 11. Nc3 Bxd4 12. Nd5 Bxb2 13. Nxb6 axb6 14. Rb1 Bg7 15. Qd2 Nf6 16. b4 Be6 17. Rfc1 Rfc8 18. f4 Bf5 19. Rb3 Ne4 20. Qd5 Nf6 21. Qd2 Be4 22. Bh3 Rc7 23. c5 bxc5 24. bxc5 d5 25. g4 e6 26. Rb5 Nd7 27. Bg2 Bxg2 28. Kxg2 d4 29. e4 d3 30. Qxd3 Rxa2+ 31. Kh1 Nd4 32. Rb4 Nxc5 33. Rxd4 Nxd3 34. Rd8+ Bf8 35. Rxc7 Nf2+ 36. Kg1 Nh3+ 37. Kf1 Kg7 38. Rdd7 Rf2+ 39. Ke1 Rxf4 40. Rxb7 Rxe4+ 41. Kf1 Rf4+ 42. Kg2 Ng5 43. h3 Ne4 44. Ra7 Bc5 45. Rac7 Rf2+ 46. Kh1 Ng3+ 47. Kg1 Rc2+ 0-1

[Event "GER-ch blitz"]
[Site "Magdeburg"]
[Date "2022.08.21"]
[Round "13"]
[White "Vogel, Roven"]
[Black "Dahl, Christoph"]
[Result "1-0"]
[WhiteElo "2516"]
[BlackElo "2355"]
[PlyCount "127"]
[EventDate "2022.08.21"]
[EventType "tourn (blitz)"]
[EventRounds "29"]
[EventCountry "GER"]
[EventCategory "5"]
[SourceTitle "CBM 210 Extra"]
[Source "ChessBase"]
[SourceDate "2022.11.30"]
[SourceVersion "1"]
[SourceVersionDate "2022.11.30"]
[SourceQuality "1"]

1. d4 Nf6 2. c4 g6 3. Nc3 Bg7 4. e4 d6 5. Nf3 0-0 6. Be2 e5 7. 0-0 Nc6 8. d5 Ne7 9. Ne1 Nd7 10. Nd3 f5 11. f3 f4 12. b4 a5 13. Ba3 axb4 14. Bxb4 b6 15. a4 g5 16. a5 bxa5 17. Bxa5 Nf6 18. c5 Ba6 19. Nf2 Bxe2 20. Qxe2 dxc5 21. Qc4 Kh8 22. Qxc5 Ne8 23. Nb5 Rc8 24. Rfc1 Qd7 25. Nxc7 h5 26. Bb6 g4 27. fxg4 hxg4 28. Nxg4 Nxc7 29. Bxc7 Qxg4 30. Qxe7 f3 31. Ra2 f2+ 32. Kf1 Qxe4 33. d6 Bh6 34. Rd1 Qc4+ 35. Re2 Bg7 36. d7 Qxc7 37. Qh4+ Kg8 38. dxc8Q Qxc8 39. Qe4 Qa6 40. g3 Kh8 41. Kg2 Qb6 42. Rf1 Qh6 43. Rexf2 Rxf2+ 44. Rxf2 Qb6 45. Ra2 Kg8 46. Ra8+ Kf7 47. Qf5+ Ke7 48. Ra2 Qc6+ 49. Qf3 Qb6 50. Re2 Bf6 51. Rf2 Bg5 52. Qf7+ Kd8 53. Qg8+ Kd7 54. Qxg5 Qc6+ 55. Kg1 Qc5 56. Qf5+ Kc6 57. Qe4+ Kd6 58. Kg2 Qc1 59. h4 Qd1 60. Rf6+ Kd7 61. Qf5+ Kd8 62. Rf8+ Kc7 63. Qc8+ Kb6 64. Qd8+ 1-0

[Event "Dortmund NRW Cup U20 49th"]
[Site "Dortmund"]
[Date "2022.07.22"]
[Round "7"]
[White "Dahl, Christoph"]
[Black "Bagrationi, Alexander"]
[Result "1/2-1/2"]
[WhiteElo "2355"]
[BlackElo "2468"]
[PlyCount "86"]
[EventDate "2022.07.16"]
[EventType "tourn"]
[EventRounds "9"]
[EventCountry "GER"]
[EventCategory "5"]
[SourceTitle "CBM 209 Extra"]
[Source "ChessBase"]
[SourceDate "2022.09.30"]
[SourceVersion "1"]
[SourceVersionDate "2022.09.30"]
[SourceQuality "1"]

1. e4 c5 2. Nf3 Nc6 3. d4 cxd4 4. Nxd4 g6 5. c4 Bg7 6. Be3 Nf6 7. Nc3 0-0 8. Be2 d6 9. 0-0 Bd7 10. f3 Nxd4 11. Bxd4 a5 12. a3 a4 13. c5 Ne8 14. cxd6 Nxd6 15. Bxg7 Kxg7 16. Qd4+ Kg8 17. Rac1 Bc6 18. Rfd1 Qa5 19. Nd5 Bxd5 20. Qxd5 Qb6+ 21. Qd4 Qxd4+ 22. Rxd4 Rfc8 23. Rxc8+ Rxc8 24. e5 Nf5 25. Rb4 Rc2 26. Bd3 Rd2 27. Bxf5 gxf5 28. f4 e6 29. Rxb7 Kg7 30. h3 h5 31. Rb4 h4 32. Rxa4 Rxb2 33. Ra8 Ra2 34. a4 Rc2 35. a5 Rc4 36. a6 Rxf4 37. a7 Ra4 38. Kf2 Ra5 39. Kf3 Kh7 40. Kf4 Kg7 41. Kg5 Ra4 42. Kh5 Kh7 43. Kg5 Kg7 1/2-1/2

[Event "Dortmund NRW Cup U20 49th"]
[Site "Dortmund"]
[Date "2022.07.18"]
[Round "3"]
[White "Vrolijk, Liam"]
[Black "Dahl, Christoph"]
[Result "1/2-1/2"]
[WhiteElo "2464"]
[BlackElo "2355"]
[PlyCount "87"]
[EventDate "2022.07.16"]
[EventType "tourn"]
[EventRounds "9"]
[EventCountry "GER"]
[EventCategory "5"]
[SourceTitle "CBM 209 Extra"]
[Source "ChessBase"]
[SourceDate "2022.09.30"]
[SourceVersion "1"]
[SourceVersionDate "2022.09.30"]
[SourceQuality "1"]

1. d4 Nf6 2. c4 g6 3. g3 Bg7 4. Bg2 0-0 5. Nc3 d6 6. Nf3 Nbd7 7. 0-0 e5 8. e4 a6 9. h3 b5 10. dxe5 dxe5 11. Qc2 c6 12. Be3 Qe7 13. Nb1 Bb7 14. Nbd2 c5 15. cxb5 axb5 16. a4 bxa4 17. Rxa4 Rxa4 18. Qxa4 Qe6 19. Rc1 Rc8 20. Ng5 Qe7 21. Qa7 Rc7 22. b4 Ne8 23. Qa5 Bf8 24. b5 Rc8 25. Nc4 h6 26. Qa7 Rc7 27. b6 Nxb6 28. Nxb6 Bxe4 29. Qa1 Bxg2 30. Kxg2 Ra7 31. Nd5 Qb7 32. Qxe5 hxg5 33. Kh2 Ra6 34. Qxe8 Qxd5 35. Rxc5 Qe6 36. Rc8 Qxe8 37. Rxe8 Ra5 38. Bd4 f5 39. Re6 Kh7 40. Bf6 f4 41. g4 Kg8 42. Bc3 Rc5 43. Be5 Bg7 44. Bxg7 1/2-1/2

[Event "Oberliga Ost-A 2122"]
[Site "Germany"]
[Date "2022.07.10"]
[Round "7.2"]
[White "Zawadzka, Jolanta"]
[Black "Dahl, Christoph"]
[Result "1-0"]
[WhiteElo "2400"]
[BlackElo "2368"]
[PlyCount "79"]
[EventDate "2021.10.10"]
[EventType "team-tourn"]
[EventRounds "11"]
[EventCountry "GER"]
[SourceTitle "EXT 2023"]
[Source "ChessBase"]
[SourceDate "2022.10.05"]
[SourceVersion "1"]
[SourceVersionDate "2022.10.05"]
[SourceQuality "1"]
[WhiteTeam "Plauen Koenig"]
[BlackTeam "Dresden Gruen Weiss"]
[WhiteTeamCountry "GER"]
[BlackTeamCountry "GER"]

1. e4 c5 2. Nf3 d6 3. d4 cxd4 4. Nxd4 Nf6 5. Nc3 a6 6. g3 g6 7. Bg2 Bg7 8. 0-0 0-0 9. h3 Nc6 10. Nde2 Qc7 11. Nd5 Nxd5 12. exd5 Na5 13. c3 b5 14. Re1 Nc4 15. Nd4 Bb7 16. a4 bxa4 17. Rxa4 Nb6 18. Ra5 Rfe8 19. h4 Nd7 20. Ra1 Nf6 21. Nc2 Kh8 22. Bf4 Nh5 23. Be3 e6 24. dxe6 Bxg2 25. exf7 Qxf7 26. Kxg2 Qb7+ 27. Qf3 Qxb2 28. Nd4 Qxc3 29. Rac1 Qa3 30. Ne6 Qb3 31. Nxg7 Nxg7 32. Rc7 Rf8 33. Qc6 Qb2 34. Rd1 Ne6 35. Rxd6 Rxf2+ 36. Bxf2 Nxc7 37. Qxc7 Rf8 38. Qc5 Qb7+ 39. Kh2 Qb2 40. Qd4+ 1-0

[Event "GER-ch U18"]
[Site "Willingen"]
[Date "2022.06.08"]
[Round "6"]
[White "Dahl, Christoph"]
[Black "Fromm, Marius"]
[Result "1/2-1/2"]
[WhiteElo "2351"]
[BlackElo "2336"]
[PlyCount "55"]
[EventDate "2022.06.04"]
[EventType "swiss"]
[EventRounds "9"]
[EventCountry "GER"]
[SourceTitle "CBM 208 Extra"]
[Source "ChessBase"]
[SourceDate "2022.07.31"]
[SourceVersion "1"]
[SourceVersionDate "2022.07.31"]
[SourceQuality "1"]

1. e4 e5 2. Nc3 Nf6 3. Bc4 Nc6 4. Nge2 Bc5 5. 0-0 0-0 6. d3 Na5 7. a3 Nxc4 8. dxc4 d6 9. Qd3 a5 10. Be3 Bxe3 11. Qxe3 Be6 12. b3 a4 13. f4 exf4 14. Nxf4 Re8 15. Qd4 axb3 16. cxb3 Nd7 17. Nd3 Ne5 18. Nxe5 dxe5 19. Qe3 Qe7 20. a4 c6 21. Ne2 Qb4 22. Ng3 f6 23. Nf5 Rad8 24. Rad1 g6 25. Rxd8 Rxd8 26. Ng3 Kg7 27. Qf3 Qe7 28. h3 1/2-1/2